Province del Piemonte per Superficie - Statistics

Statistiche generali
  • Questo quiz è stato fatto 28 volte
  • Il punteggio medio è 8 su 8
Statistiche sulle risposte
Superficie (km²) Provincia o Città metropolitana % Corretto
6 827 Città metropolitana di Torino
100%
3 559 Provincia di Alessandria
100%
6 895 Provincia di Cuneo
100%
913 Provincia di Biella
96%
2 261 Provincia di Verbano-Cusio-Ossola
96%
1 511 Provincia di Asti
91%
1 340 Provincia di Novara
91%
2 082 Provincia di Vercelli
91%
Nessun quiz corrispondente trovato
Distribuzione punteggi
Percentuale di utenti per punteggio
Percentile per numero di risposta
I tuoi punteggi nel tempo
Non hai fatto questo quiz